Patterns of population change in India, 1951-61; (Record no. 78437)
[ view plain ]
| 000 -LEADER | |
|---|---|
| fixed length control field | 01011cam a22002771 4500 |
| 001 - CONTROL NUMBER | |
| control field | sa 68002074 |
| 003 - CONTROL NUMBER IDENTIFIER | |
| control field | DLC |
| 005 - DATE AND TIME OF LATEST TRANSACTION | |
| control field | 20260227112439.0 |
| 008 - FIXED-LENGTH DATA ELEMENTS--GENERAL INFORMATION | |
| fixed length control field | 710903s1967 ii ab b 100 0 eng |
| 010 ## - LIBRARY OF CONGRESS CONTROL NUMBER | |
| LC control number | sa 68002074 |
| 015 ## - NATIONAL BIBLIOGRAPHY NUMBER | |
| National bibliography number | PL480:I-E-9546 |
| 040 ## - CATALOGING SOURCE | |
| Original cataloging agency | DLC |
| Transcribing agency | DLC |
| Modifying agency | DLC |
| 043 ## - GEOGRAPHIC AREA CODE | |
| Geographic area code | a-ii--- |
| 050 00 - LIBRARY OF CONGRESS CALL NUMBER | |
| Classification number | HB3639 |
| Item number | .A55 1964 |
| 082 00 - DEWEY DECIMAL CLASSIFICATION NUMBER | |
| Classification number | 301.3/29/54 |
| 111 2# - MAIN ENTRY--MEETING NAME | |
| Meeting name or jurisdiction name as entry element | All India Seminar on Inter-State and Intra-State Variations in Population Growth Rates and Characteristics, |
| Number [OBSOLETE] | 2d, |
| Location of meeting | Institute of Economic Growth, |
| Date of meeting or treaty signing | 1964. |
| 245 00 - TITLE STATEMENT | |
| Title | Patterns of population change in India, 1951-61; |
| Remainder of title | [proceedings and papers]. |
| Statement of responsibility, etc. | Edited by Ashish Bose. |
| 260 ## - PUBLICATION, DISTRIBUTION, ETC. | |
| Place of publication, distribution, etc. | Bombay, |
| -- | New York, |
| Name of publisher, distributor, etc. | Allied Publishers |
| Date of publication, distribution, etc. | [1967] |
| 300 ## - PHYSICAL DESCRIPTION | |
| Extent | li, 403 p. |
| Other physical details | illus., maps (part fold.) |
| Dimensions | 23 cm. |
| 350 ## - PRICE (NR) (BK AM CF MU VM SE) [OBSOLETE] | |
| Price | Rs30 |
| 500 ## - GENERAL NOTE | |
| General note | Organized by the Institute of Economic Growth. |
| 504 ## - BIBLIOGRAPHY, ETC. NOTE | |
| Bibliography, etc. note | Bibliographical footnotes. |
| 651 #0 - SUBJECT ADDED ENTRY--GEOGRAPHIC NAME | |
| Geographic name | India |
| General subdivision | Population. |
| 710 2# - ADDED ENTRY--CORPORATE NAME | |
| Corporate name or jurisdiction name as entry element | Institute of Economic Growth (India) |
| 700 1# - ADDED ENTRY--PERSONAL NAME | |
| Personal name | Bose, Ashish, |
| Relator term | ed. |
No items available.